Catálogo
 En Linea
Vista normal Vista MARC

Entrada Nombre personal

Número de registros utilizados en: 19

001 - NÚMERO DE CONTROL

  • campo de control: 24881

003 - IDENTIFICADOR DEL NÚMERO DE CONTROL

  • campo de control: BNPHU

005 - FECHA Y HORA DE LA ÚLTIMA TRANSACCIÓN

  • campo de control: 20250129182519.0

008 - DATOS DE LONGITUD FIJA

  • campo de control de longitud fija: 200615|| aca||aabn | a|a d

010 ## - NÚMERO DE CONTROL DE LA BIBLIOTECA DEL CONGRESO

  • Número de control de LC: n 93067811

040 ## - FUENTE DE LA CATALOGACIÓN

  • Centro catalogador/agencia de origen: DO-SdBNP
  • Lengua de catalogación: spa
  • Centro/agencia transcriptor: BNPHU
  • Normas de descripción: rda

046 ## - FECHAS CON CODIFICACIÓN ESPECIAL

  • Fecha de nacimiento: 1959 -

100 1# - ENCABEZAMIENTO-NOMBRE DE PERSONA

  • Nombre de persona: Chahín, Plinio,
  • Fechas asociadas al nombre: 1959-

370 ## - LUGAR ASOCIADO

  • Lugar de nacimiento: Santo Domingo (República DominicanaUniversidad Autónoma de Santo Domingo)

373 ## - GRUPO ASOCIADO

  • Grupo asociado: Universidad Autónoma de Santo Domingo

374 ## - OCUPACIÓN

  • Ocupación: Escritor
  • Ocupación: Poeta
  • Ocupación: Crítico
  • Ocupación: Ensayista dominicano

375 ## - GÉNERO/SEXO

  • Género/Sexo: Masculino

377 ## - LENGUA/LENGUAJE ASOCIADO

  • Código del idioma: spa
  • Término de lengua/lenguaje: Español

670 ## - FUENTE DE DATOS ENCONTRADOS

  • Cita de la fuente: Work cat.: (OSt)9703: Chahín, Plinio, 1959-, Salvo el insomnio :, 2002.

670 ## - FUENTE DE DATOS ENCONTRADOS

  • Identificador Uniforme del Recurso: https://authorities.loc.gov/cgi-bin/Pwebrecon.cgi?AuthRecID=2181624&v1=1&HC=1&SEQ=20250129180131&PID=F4IEJuq__vg26TaA4M7ayRXkc_g Consultado en 25 de enero, 2025

678 ## - DATOS BIOGRÁFICOS O HISTÓRICOS

  • Datos biográficos o históricos: Poeta y ensayista. Nació en Santo Domingo. Miembro del Taller Literario César Vallejo de la Universidad Autónoma de Santo Domingo (UASD). Ha publicado Consumación de la carne (1986), Solemnidades de la muerte (1991), Hechizos de la Hybris (Premio Casa de Teatro, 1998), Oficios de un celebrante (1999), ¿Literatura sin lenguaje? Escritos sobre el silencio y otros textos (Premio Nacional de Ensayo 2005), Pasión en el oficio de escribir (2007) y Cabaret místico (2007). En el 2002 publicó en colaboración con René Rodríguez Soriano el texto experimental Salvo el insomnio. Su obra literaria aparece en diferentes antologías nacionales e internacionales.
  • Identificador Uniforme del Recurso: https://diccionario.funglode.org/autores/chahin-plinio/ Consultado en 29 de enero, 2025

Con tecnología Koha